<?xml version="1.0" encoding="UTF-8"?>
<record
    xmlns:xsi="http://www.w3.org/2001/XMLSchema-instance"
    xsi:schemaLocation="http://www.loc.gov/MARC21/slim http://www.loc.gov/standards/marcxml/schema/MARC21slim.xsd"
    xmlns="http://www.loc.gov/MARC21/slim">

  <leader>00611nam a22002057a 4500</leader>
  <controlfield tag="003">OSt</controlfield>
  <controlfield tag="005">20260630130134.0</controlfield>
  <controlfield tag="008">260630b        |||||||| |||| 00| 0 eng d</controlfield>
  <datafield tag="020" ind1=" " ind2=" ">
    <subfield code="a">0571113222</subfield>
  </datafield>
  <datafield tag="040" ind1=" " ind2=" ">
    <subfield code="a">KABLIB</subfield>
    <subfield code="b">eng</subfield>
    <subfield code="c">KABLIB</subfield>
  </datafield>
  <datafield tag="082" ind1=" " ind2=" ">
    <subfield code="2">23</subfield>
    <subfield code="a">636.39</subfield>
    <subfield code="b">MAC</subfield>
  </datafield>
  <datafield tag="100" ind1=" " ind2=" ">
    <subfield code="a">Makenzie David</subfield>
    <subfield code="e">author</subfield>
    <subfield code="9">15837</subfield>
  </datafield>
  <datafield tag="245" ind1=" " ind2=" ">
    <subfield code="a">Goat Husbandry</subfield>
    <subfield code="c">David Mackenzie revised and edited by Jean Laing</subfield>
  </datafield>
  <datafield tag="260" ind1=" " ind2=" ">
    <subfield code="a">London :</subfield>
    <subfield code="b">Faber and Faber.</subfield>
    <subfield code="c">1980.</subfield>
  </datafield>
  <datafield tag="300" ind1=" " ind2=" ">
    <subfield code="a">375p .:</subfield>
    <subfield code="b">ill.;</subfield>
    <subfield code="c">18 cm.</subfield>
  </datafield>
  <datafield tag="650" ind1=" " ind2=" ">
    <subfield code="a">feeding practice</subfield>
    <subfield code="9">15838</subfield>
  </datafield>
  <datafield tag="650" ind1=" " ind2=" ">
    <subfield code="a">cropping of goats</subfield>
    <subfield code="9">15839</subfield>
  </datafield>
  <datafield tag="700" ind1=" " ind2=" ">
    <subfield code="a">Laing Jean</subfield>
    <subfield code="e">editor</subfield>
    <subfield code="9">15840</subfield>
  </datafield>
  <datafield tag="942" ind1=" " ind2=" ">
    <subfield code="2">ddc</subfield>
    <subfield code="c">BOOK</subfield>
  </datafield>
  <datafield tag="999" ind1=" " ind2=" ">
    <subfield code="c">6225</subfield>
    <subfield code="d">6225</subfield>
  </datafield>
  <datafield tag="952" ind1=" " ind2=" ">
    <subfield code="0">0</subfield>
    <subfield code="1">0</subfield>
    <subfield code="2">ddc</subfield>
    <subfield code="4">0</subfield>
    <subfield code="7">0</subfield>
    <subfield code="a">RU</subfield>
    <subfield code="b">RU</subfield>
    <subfield code="c">Open</subfield>
    <subfield code="d">2026-06-30</subfield>
    <subfield code="l">0</subfield>
    <subfield code="o">636.39 MAC</subfield>
    <subfield code="p">2622RC</subfield>
    <subfield code="r">2026-06-30 12:54:31</subfield>
    <subfield code="w">2026-06-30</subfield>
    <subfield code="y">BOOK</subfield>
  </datafield>
  <datafield tag="952" ind1=" " ind2=" ">
    <subfield code="0">0</subfield>
    <subfield code="1">0</subfield>
    <subfield code="2">ddc</subfield>
    <subfield code="4">0</subfield>
    <subfield code="7">0</subfield>
    <subfield code="a">RU</subfield>
    <subfield code="b">RU</subfield>
    <subfield code="c">Open</subfield>
    <subfield code="d">2026-06-30</subfield>
    <subfield code="l">0</subfield>
    <subfield code="o">636.39 MAC</subfield>
    <subfield code="p">2633RC</subfield>
    <subfield code="r">2026-06-30 12:55:03</subfield>
    <subfield code="w">2026-06-30</subfield>
    <subfield code="y">BOOK</subfield>
  </datafield>
  <datafield tag="952" ind1=" " ind2=" ">
    <subfield code="0">0</subfield>
    <subfield code="1">0</subfield>
    <subfield code="2">ddc</subfield>
    <subfield code="4">0</subfield>
    <subfield code="7">0</subfield>
    <subfield code="a">RU</subfield>
    <subfield code="b">RU</subfield>
    <subfield code="c">Open</subfield>
    <subfield code="d">2026-06-30</subfield>
    <subfield code="l">0</subfield>
    <subfield code="o">636.39 MAC</subfield>
    <subfield code="p">2632RC</subfield>
    <subfield code="r">2026-06-30 12:55:28</subfield>
    <subfield code="w">2026-06-30</subfield>
    <subfield code="y">BOOK</subfield>
  </datafield>
  <datafield tag="952" ind1=" " ind2=" ">
    <subfield code="0">0</subfield>
    <subfield code="1">0</subfield>
    <subfield code="2">ddc</subfield>
    <subfield code="4">0</subfield>
    <subfield code="7">0</subfield>
    <subfield code="a">RU</subfield>
    <subfield code="b">RU</subfield>
    <subfield code="c">Open</subfield>
    <subfield code="d">2026-06-30</subfield>
    <subfield code="l">0</subfield>
    <subfield code="o">636.39 MAC</subfield>
    <subfield code="p">2631RC</subfield>
    <subfield code="r">2026-06-30 12:55:53</subfield>
    <subfield code="w">2026-06-30</subfield>
    <subfield code="y">BOOK</subfield>
  </datafield>
  <datafield tag="952" ind1=" " ind2=" ">
    <subfield code="0">0</subfield>
    <subfield code="1">0</subfield>
    <subfield code="2">ddc</subfield>
    <subfield code="4">0</subfield>
    <subfield code="7">0</subfield>
    <subfield code="a">RU</subfield>
    <subfield code="b">RU</subfield>
    <subfield code="c">Open</subfield>
    <subfield code="d">2026-06-30</subfield>
    <subfield code="l">0</subfield>
    <subfield code="o">636.39 MAC</subfield>
    <subfield code="p">2630RC</subfield>
    <subfield code="r">2026-06-30 12:56:17</subfield>
    <subfield code="w">2026-06-30</subfield>
    <subfield code="y">BOOK</subfield>
  </datafield>
  <datafield tag="952" ind1=" " ind2=" ">
    <subfield code="0">0</subfield>
    <subfield code="1">0</subfield>
    <subfield code="2">ddc</subfield>
    <subfield code="4">0</subfield>
    <subfield code="7">0</subfield>
    <subfield code="a">RU</subfield>
    <subfield code="b">RU</subfield>
    <subfield code="c">Open</subfield>
    <subfield code="d">2026-06-30</subfield>
    <subfield code="l">0</subfield>
    <subfield code="o">636.39 MAC</subfield>
    <subfield code="p">2629RC</subfield>
    <subfield code="r">2026-06-30 12:56:38</subfield>
    <subfield code="w">2026-06-30</subfield>
    <subfield code="y">BOOK</subfield>
  </datafield>
  <datafield tag="952" ind1=" " ind2=" ">
    <subfield code="0">0</subfield>
    <subfield code="1">0</subfield>
    <subfield code="2">ddc</subfield>
    <subfield code="4">0</subfield>
    <subfield code="7">0</subfield>
    <subfield code="a">RU</subfield>
    <subfield code="b">RU</subfield>
    <subfield code="c">Open</subfield>
    <subfield code="d">2026-06-30</subfield>
    <subfield code="l">0</subfield>
    <subfield code="o">636.39 MAC</subfield>
    <subfield code="p">2628RC</subfield>
    <subfield code="r">2026-06-30 12:57:17</subfield>
    <subfield code="w">2026-06-30</subfield>
    <subfield code="y">BOOK</subfield>
  </datafield>
  <datafield tag="952" ind1=" " ind2=" ">
    <subfield code="0">0</subfield>
    <subfield code="1">0</subfield>
    <subfield code="2">ddc</subfield>
    <subfield code="4">0</subfield>
    <subfield code="7">0</subfield>
    <subfield code="a">RU</subfield>
    <subfield code="b">RU</subfield>
    <subfield code="c">Open</subfield>
    <subfield code="d">2026-06-30</subfield>
    <subfield code="l">0</subfield>
    <subfield code="o">636.39 MAC</subfield>
    <subfield code="p">2627RC</subfield>
    <subfield code="r">2026-06-30 12:58:57</subfield>
    <subfield code="w">2026-06-30</subfield>
    <subfield code="y">BOOK</subfield>
  </datafield>
  <datafield tag="952" ind1=" " ind2=" ">
    <subfield code="0">0</subfield>
    <subfield code="1">0</subfield>
    <subfield code="2">ddc</subfield>
    <subfield code="4">0</subfield>
    <subfield code="7">0</subfield>
    <subfield code="a">RU</subfield>
    <subfield code="b">RU</subfield>
    <subfield code="c">Open</subfield>
    <subfield code="d">2026-06-30</subfield>
    <subfield code="l">0</subfield>
    <subfield code="o">636.39 MAC</subfield>
    <subfield code="p">2626RC</subfield>
    <subfield code="r">2026-06-30 12:59:19</subfield>
    <subfield code="w">2026-06-30</subfield>
    <subfield code="y">BOOK</subfield>
  </datafield>
  <datafield tag="952" ind1=" " ind2=" ">
    <subfield code="0">0</subfield>
    <subfield code="1">0</subfield>
    <subfield code="2">ddc</subfield>
    <subfield code="4">0</subfield>
    <subfield code="7">0</subfield>
    <subfield code="a">RU</subfield>
    <subfield code="b">RU</subfield>
    <subfield code="c">Open</subfield>
    <subfield code="d">2026-06-30</subfield>
    <subfield code="l">0</subfield>
    <subfield code="o">636.39 MAC</subfield>
    <subfield code="p">2625RC</subfield>
    <subfield code="r">2026-06-30 12:59:44</subfield>
    <subfield code="w">2026-06-30</subfield>
    <subfield code="y">BOOK</subfield>
  </datafield>
  <datafield tag="952" ind1=" " ind2=" ">
    <subfield code="0">0</subfield>
    <subfield code="1">0</subfield>
    <subfield code="2">ddc</subfield>
    <subfield code="4">0</subfield>
    <subfield code="7">0</subfield>
    <subfield code="a">RU</subfield>
    <subfield code="b">RU</subfield>
    <subfield code="c">Open</subfield>
    <subfield code="d">2026-06-30</subfield>
    <subfield code="l">0</subfield>
    <subfield code="o">636.39 MAC</subfield>
    <subfield code="p">2624RC</subfield>
    <subfield code="r">2026-06-30 13:00:03</subfield>
    <subfield code="w">2026-06-30</subfield>
    <subfield code="y">BOOK</subfield>
  </datafield>
  <datafield tag="952" ind1=" " ind2=" ">
    <subfield code="0">0</subfield>
    <subfield code="1">0</subfield>
    <subfield code="2">ddc</subfield>
    <subfield code="4">0</subfield>
    <subfield code="7">0</subfield>
    <subfield code="a">RU</subfield>
    <subfield code="b">RU</subfield>
    <subfield code="c">Open</subfield>
    <subfield code="d">2026-06-30</subfield>
    <subfield code="l">0</subfield>
    <subfield code="o">636.39 MAC</subfield>
    <subfield code="p">2623RC</subfield>
    <subfield code="r">2026-06-30 13:00:29</subfield>
    <subfield code="w">2026-06-30</subfield>
    <subfield code="y">BOOK</subfield>
  </datafield>
</record>
